| 000 | 00825nam a22002297a 4500 | ||
|---|---|---|---|
| 005 | 20170124110104.0 | ||
| 010 | _aA-896562 | ||
| 020 |
_c00.00 _a8170173264 |
||
| 035 | _aA-896562 | ||
| 037 | _bCen Lib/Ret | ||
| 040 |
_aDPL _bEN |
||
| 082 |
_a954 _bMAI |
||
| 100 |
_aMaity, Sachindra Kumar _927761 |
||
| 245 |
_aProfessor A.L. Basham--my Guruji and problems and perspectives of ancient Indian history and culture / _cby Sachindra Kumar Maity |
||
| 260 |
_bAbhinav Publications _c1997 _aNew Delhi |
||
| 270 |
_aE-37, Hauz Khas _bNew Delhi _e110016 |
||
| 300 |
_axii,423p. : _c21cm(Hb) _bill. |
||
| 500 | _aIncludes bibliographical references and index | ||
| 650 |
_aIndia -- History -- 324 B.C.-1000 A.D. _922964 |
||
| 650 |
_aBasham, A. L. -- (Arthur Llewellyn) _927762 |
||
| 942 |
_2ddc _cEN _h954 _mMAI |
||
| 999 |
_c129915 _d129915 |
||